| 000 | 01300nam a2200265 i 4500 | ||
|---|---|---|---|
| 001 | 20479 | ||
| 003 | ES-MaACL | ||
| 005 | 20250209063045.0 | ||
| 007 | t| | ||
| 008 | 021113s1881 sp ||||1| spa d | ||
| 040 |
_aES-BaCBU _dES-MaACL |
||
| 080 | _a821.134.2Calderón de la Barca, Pedro.09 | ||
| 100 | 1 |
_aVargas y Arévalo, Julián _eaut _9239599 |
|
| 245 | 1 | 0 |
_aSesión extraordinaria, pública y solemne celebrada en honor de Don Pedro Calderón de la Barca : _cel 26 de mayo de 1881 con la recepción del académico numerario Don Julián de Vargas |
| 260 |
_aCádiz : _bImprenta de la Revista Médica, de D. Federico Joly, _c1881 |
||
| 300 |
_a83 p. ; _c22 cm. |
||
| 500 | _aEn portada: Real Academia Gaditana de Ciencias y Letras | ||
| 500 | _aIncluye: Discurso en contestación al de recepción del académico electo D. Julián Vargas y Arévalo / por el académico Salvador Valera y Freüller | ||
| 600 | 1 | 4 |
_aCalderón de la Barca, Pedro- _xCrítica e interpretación _933614 |
| 700 |
_aValera y Freüller, Salvador, _d1833-1901 _9239509 _eclb |
||
| 710 | 2 |
_96340 _aReal Academia Gaditana de Ciencias y Letras |
|
| 852 |
_aES-MaACL _jT-422-F-7 _z.- Enc. en un vol. facticio falto de la cub. original _cDEPOF |
||
| 942 |
_2udc _cFOLLETOS _n0 |
||
| 999 |
_c20479 _d20479 |
||